| 000 | 00434nam a2200181Ia 4500 | ||
|---|---|---|---|
| 001 | 8624 | ||
| 005 | 20260306160623.0 | ||
| 008 | 260306t2011||||xx |||||||||||||| ||spa|| | ||
| 041 | _aESP | ||
| 082 |
_a371.2 _bS21 |
||
| 100 |
_aSantiago Peinado, Hemel _eAUT |
||
| 245 | 0 | _aManual de gestión y administración educativa | |
| 260 | _c2011 | ||
| 300 |
_a452 p _c24 cm |
||
| 650 | _aGEN | ||
| 654 | _aCED | ||
| 942 |
_cLIB _dJUS _fJUS _2ddc _n |
||
| 999 |
_c8624 _d8624 |
||